Les 200 villes les plus peuplées de l'Union Européenne - Statistiques

Statistiques générales
  • Ce quiz a été pris 570 fois
  • Le résultat moyen est 82 sur 200
Statistiques - réponses
Pays Ville Population
(en milliers)
% Correct
France Paris 2 145
99%
Allemagne Berlin 3 748
98%
Espagne Madrid 3 223
98%
Italie Rome 2 872
98%
Espagne Barcelone 1 620
97%
France Marseille 870
97%
Autriche Vienne 1 897
95%
Pays Bas Amsterdam 859
94%
Roumanie Bucarest 1 716
93%
Italie Milan 1 395
93%
Pologne Varsovie 1 777
93%
Hongrie Budapest 1 779
92%
France Lyon 522
92%
Allemagne Munich 1 547
92%
République Tchèque Prague 1 308
92%
Bulgarie Sofia 1 241
91%
Suède Stockholm 965
89%
Grèce Athènes 664
88%
Espagne Séville 689
88%
Croatie Zagreb 802
88%
Italie Naples 966
87%
Italie Turin 882
87%
Finlande Helsinki 645
86%
France Lille 236
86%
Allemagne Francfort sur le Main 746
85%
Portugal Lisbonne 545
84%
Pays Bas Rotterdam 641
84%
Espagne Valence 791
84%
Belgique Bruxelles 182
83%
Allemagne Hambourg 1 841
83%
France Bordeaux 259
82%
Danemark Copenhague 623
82%
Lettonie Riga 641
82%
France Strasbourg 290
82%
France Toulouse 498
82%
Pologne Cracovie 767
81%
France Nice 343
81%
Irlande Dublin 553
80%
France Nantes 320
77%
Italie Venise 259
77%
Lituanie Vilnius 580
77%
Portugal Porto 237
76%
Allemagne Cologne 1 085
75%
Italie Florence 379
75%
Italie Palerme 663
72%
Estonie Tallinn 429
72%
Espagne Bilbao 346
71%
France Rennes 222
71%
Slovaquie Bratislava 432
70%
Allemagne Dortmund 587
70%
Allemagne Stuttgart 634
70%
Belgique Anvers 523
69%
France Montpellier 299
67%
Espagne Malaga 574
66%
Allemagne Leipzig 587
65%
Allemagne Düsseldorf 619
64%
Pays Bas La Haye 537
64%
Belgique Liège 197
64%
Italie Gênes 575
63%
Suède Malmö 301
63%
Allemagne Brême 569
62%
Italie Bologne 392
60%
Slovénie Ljubljana 284
60%
Allemagne Dresde 554
58%
Espagne Saragosse 666
58%
Pologne Gdansk 468
56%
Allemagne Nuremberg 523
56%
Allemagne Hanovre 538
55%
Suède Göteborg 578
54%
Italie Bari 319
51%
Espagne Grenade 232
51%
Grèce Thessalonique 315
50%
Pologne Lódz 687
48%
France Reims 180
48%
Belgique Charleroi 202
46%
Allemagne Essen 583
45%
Italie Catane 311
44%
Belgique Gand 262
44%
République Tchèque Brno 380
43%
Pays Bas Utrecht 352
43%
Italie Vérone 258
42%
Allemagne Aix la Chapelle 247
41%
Pays Bas Eindhoven 231
41%
Allemagne Bonn 327
40%
Espagne Cordoue 325
39%
Allemagne Mannheim 309
39%
Roumanie Cluj Napoca 324
38%
Irlande Cork 208
38%
Allemagne Kiel 247
38%
Espagne Palma de Majorque 416
38%
Pologne Poznan 535
38%
Espagne Alicante 334
37%
Pologne Wroclaw 639
37%
Allemagne Fribourg en Brisgau 230
36%
Espagne Murcie 453
36%
Italie Parme 197
35%
Autriche Linz 205
34%
Allemagne Mayence 217
34%
Espagne Valladolid 298
34%
Autriche Graz 288
33%
Lituanie Kaunas 328
33%
Espagne La Corogne 245
32%
Pologne Katowice 293
31%
Espagne Las Palmas 379
31%
Espagne Pampelune 201
31%
Espagne Vigo 295
31%
Allemagne Sarrebruck 180
30%
Danemark Aarhus 277
29%
Allemagne Augsbourg 295
29%
Portugal Braga 181
29%
Allemagne Rostock 208
28%
Italie Trieste 203
28%
Allemagne Bielefeld 333
27%
Allemagne Karlsruhe 313
26%
Pologne Lublin 339
26%
Allemagne Potsdam 178
26%
Bulgarie Varna 336
26%
Allemagne Duisbourg 498
25%
Italie Messine 231
24%
Finlande Tampere 235
24%
Roumanie Constanta 283
23%
Espagne Gijon 271
23%
Bulgarie Plovdiv 346
23%
Espagne Saint Sébastien 187
23%
Danemark Aalborg 215
22%
Allemagne Bochum 364
22%
Italie Brescia 198
22%
Italie Padoue 212
22%
Pays Bas Groningue 202
21%
Allemagne Münster 314
21%
Roumanie Timisoara 319
21%
Allemagne Gelsenkirchen 260
20%
Allemagne Magdebourg 238
20%
Allemagne Mönchengladbach 261
20%
Danemark Odense 204
20%
République Tchèque Ostrava 289
20%
Espagne Almeria 198
19%
Espagne Oviedo 219
19%
Suède Uppsala 225
19%
Allemagne Lübeck 217
18%
Finlande Oulu 203
18%
Finlande Turku 191
18%
Roumanie Iasi 290
17%
Italie Modène 186
17%
Pologne Szczecin 402
17%
Espagne Burgos 175
16%
Allemagne Erfurt 213
16%
Hongrie Debrecen 202
15%
Espagne Getafe 183
15%
Italie Tarente 195
15%
Allemagne Wuppertal 354
15%
Pologne Gdynia 246
14%
Slovaquie Kosice 238
14%
Espagne Elche 232
13%
Finlande Espoo 283
13%
Allemagne Kassel 201
13%
Allemagne Wiesbaden 278
13%
Pays Bas Bréda 184
12%
Allemagne Chemnitz 247
12%
Allemagne Halle 239
12%
Espagne Vitoria-Gasteiz 251
12%
Pologne Bialystok 297
11%
Allemagne Brunswick 248
11%
Pologne Bydgoszcz 349
11%
Pologne Craiova 269
11%
Espagne Santa Cruz de Tenerife 207
11%
Roumanie Brasov 253
10%
Espagne Carthagène 24
9%
Pologne Kielce 195
9%
Italie Prato 195
9%
Bulgarie Bourgas 203
8%
Pologne Czestochowa 221
8%
Pologne Torun 201
8%
Allemagne Hamm 179
7%
Espagne Jerez de la Frontera 212
7%
Espagne L'Hospitalet de Llobregat 264
7%
Pays Bas Nimègue 176
7%
Allemagne Oberhausen 210
7%
Italie Reggio de Calabre 179
6%
Pays Bas Tilbourg 217
6%
Espagne Alcala de Henares 195
5%
Espagne Badalone 220
5%
Roumanie Galati 249
5%
Allemagne Hagen 188
5%
Allemagne Krefeld 227
5%
Espagne Leganés 189
5%
Pologne Radom 212
5%
Finlande Vantaa 228
5%
Portugal Villa Nova de Gaia 186
5%
Pologne Gliwice 179
4%
Espagne Mostoles 209
4%
Roumanie Oradea 196
4%
Roumanie Ploiesti 209
4%
Pologne Rzeszow 194
4%
Espagne Terrassa 220
4%
Espagne Sabadell 213
3%
Pays Bas Almere 207
2%
Espagne Fuenlabrada 193
2%
Roumanie Braila 180
1%
Pologne Sosniwiec 201
0%
Aucun quiz correspondant
Distribution des résultats
% des personnes avec chaque résultat
Percentile par nombre de réponses
Votre historique - résultats
Vous n’avez pas pris ce quiz